| 000 | 01404 a2200265 4500 | ||
|---|---|---|---|
| 003 | Nust | ||
| 005 | 20170207152505.0 | ||
| 010 | _a 2006280337 | ||
| 020 | _a0471760951 (hbk.) | ||
| 035 | _a(CStRLIN)PAUGV3952689-B | ||
| 035 | _a(PU)3952689 | ||
| 040 | _cNust | ||
| 082 | 0 | 4 | _a621.3192 |
| 100 | 1 | _aThomas, Roland E., | |
| 245 | 1 | 4 |
_aThe analysis and design of linear circuits / _cRoland E. Thomas, Albert J. Rosa. |
| 250 | _a5th ed. | ||
| 260 |
_aNew York ; _aChichester : _bWiley,. _cc2006. |
||
| 300 |
_a963p,. (various pagings) : _bill. ; _c26 cm. |
||
| 505 | _aIntroduction Page 2, Basic Circuit Analysis Page 22, Circuit Theorems Page 84, Active Circuits Page 134, General Circuits Analysis Page 208, Dynamic Circuits Page 284, Capacitance And Inductance Page 338.First And Second Order Circuits Page 396, Laplace Transforms Page 468, S-Domain Circuit Analysis Page 526, Network Functions Page 578, Frequency Response Page 646, Sinusoidal Steady State Response Page 720.Power In Sinusoidal Steady State Page 788, Filter Design Page 840, Fourier Transforms Page 900. | ||
| 538 | _aAlmirah No.24 and Shelf No .3 | ||
| 650 | 0 | _aTelecommunication Engineering. | |
| 700 | 1 |
_aRosa, Albert J., _d1942- |
|
| 856 | 4 | 2 |
_3Publisher description _uhttp://www.loc.gov/catdir/enhancements/fy0653/2006280337-d.html |
| 856 | 4 | 2 |
_3Table of contents only _uhttp://www.loc.gov/catdir/enhancements/fy0653/2006280337-t.html |
| 942 | _cREF | ||
| 999 |
_c175503 _d175503 |
||